000 00814nas a2200277 4500
001 BR2013004057
003 BR-BrBNA
005 20231205122526.0
007 ta
008 230509b bl.|||p| |||| 00| 00por d
040 _aBR-BrBNA
_bpor
_cBiblioteca Nacional de Agricultura
041 _a(Pt)
072 _aH20
100 1 _aBlat, S.F.
100 1 _aTeixeira, L. de D.
100 1 _aDias, C.T. dos S.
100 1 _aCosta, C.P. da
245 1 _aEfeito do fosfato monopotássico no controle do oídio do pimentão
650 _aPIMENTÃO
650 _aOÍDIO
650 _aFUNGO
650 _aFOSFATO DE POTÁSSIO
773 0 _tSumma Phytopathologica (Brazil)
_xISSN 0100-5405
_g(Jul-Sep 2005), v. 31(3) p. 268-270
_wBR2013004057
909 _a202311
_bLúcia
_c55
_dLúcia Elande
942 _2AGRIS
_n0
_cANA
999 _c229118
_d229118